Discografía Mora 2021-2024 - Estadísticas

Estadísticas generales
  • Esta prueba ha sido intentada 1.280 veces
  • La puntuación promedio es 45 de 81
Estadísticas de respuestas
Hint Feat. Respuesta % Correcto
MICRODOSIS ft. Jhayco MEMORIAS
91%
MICRODOSIS ft. Feid LA INOCENTE
90%
PARAÍSO ft. YOVNGCHIMI MODELITO
90%
PARAÍSO ft. Quevedo APA
89%
PRIMER DÍA DE CLASES - Primer Dia de Clases
88%
PRIMER DÍA DE CLASES ft. Jhayco 512
86%
ESTRELLA ft. SAIKO REINA
85%
PRIMER DÍA DE CLASES - Volando
85%
PRIMER DÍA DE CLASES - Tuyo
78%
ESTRELLA - MEDIA LUNA
77%
ESTRELLA ft. Dei V DIAMONDS
75%
MICRODOSIS - badtrip :(
74%
MICRODOSIS ft. ELENA ROSE PLAYA PRIVADA
73%
ESTRELLA ft. RaiNao UN DESEO
73%
MICRODOSIS ft. Sech TUS LÁGRIMAS
71%
ESTRELLA - DONDE SE APRENDE A QUERER?
70%
ESTRELLA ft. RaiNao PIDE
69%
FEATURINGS ft. Bad Bunny, Sech Volando - Remix
68%
ESTRELLA ft. Álvaro Díaz CÓRCEGA
67%
MICRODOSIS - 2010
66%
PARAÍSO ft. Danny Ocean EIVISSA
66%
ESTRELLA ft. Yandel PÓLVORA
66%
PARAÍSO - BIENVENIDA AL PARAÍSO
65%
PARAÍSO - DOMINGO DE BOTE
65%
PRIMER DÍA DE CLASES ft. Jhayco Pégate - Remix
65%
ESTRELLA ft. Arcángel LAGUNA
64%
PRIMER DÍA DE CLASES ft. Juliito La Receta
64%
PARAÍSO - CALENTÓN
63%
MICRODOSIS - ROBERT DE NIRO
63%
PARAÍSO - COMO HAS ESTAU?
62%
PARAÍSO ft. paopao COSITAS
62%
PRIMER DÍA DE CLASES - Te Conoci Perriando
62%
PARAÍSO ft. De La Ghetto AIRBNB
60%
MICRODOSIS ft. Zion TU AMIGO
60%
PRIMER DÍA DE CLASES ft. Lunay Cuando Sera
59%
PARAÍSO - QUE HABILIDAD
59%
PRIMER DÍA DE CLASES - Desaparecer
58%
MICRODOSIS - ESCALOFRÍOS
58%
ESTRELLA - PASAJERO
58%
PARAÍSO - CASUALIDAD
57%
PRIMER DÍA DE CLASES ft. Arcángel En un Avion
55%
FEATURINGS ft. Soge Culebra, GARABATTO 7 Lágrimas - Remix
54%
ESTRELLA - AYER Y HOY
54%
MICRODOSIS - OJOS COLORAU
54%
MICRODOSIS - ORO ROSADO
54%
PRIMER DÍA DE CLASES - Vacio
54%
ESTRELLA - EL CHACAL
53%
MICRODOSIS - QSY
53%
PARAÍSO - EN LA ORILLA
52%
FEATURINGS ft. Feid, Eladio Carrión FUMETEO - Remix
51%
MICRODOSIS - LINDOR
51%
ESTRELLA - MAREA
51%
PRIMER DÍA DE CLASES ft. Mariah Angeliq Afuego
50%
ESTRELLA - FANTASÍAS
49%
MICRODOSIS - PECADO
48%
FEATURINGS ft. Jay Wheeler Textos Fríos
48%
FEATURINGS ft. Polimá Westcoast, Quevedo LACONE
47%
FEATURINGS ft. Alex Gargolas, Luar La L, Arcángel, Brray, Darell Las Gargolas
46%
PARAÍSO - MALAFAMA
46%
FEATURINGS ft. Sech, SAIKO Cafe Malibú
45%
PARAÍSO - TU SABES DONDE VIVO
45%
PRIMER DÍA DE CLASES - La Carita
44%
FEATURINGS ft. SAIKO NÚMERO TELEFÓNICO
44%
FEATURINGS ft. paopao algo así (remix)
43%
PRIMER DÍA DE CLASES - Fin del Mundo
43%
ESTRELLA - LOKITA
43%
SINGLES - RÁPIDO
42%
PRIMER DÍA DE CLASES ft. Farruko No Digas Nada
41%
FEATURINGS ft. Nicki Nicole Toa la Vida
41%
PRIMER DÍA DE CLASES ft. Omy de Oro Que Tu Dice?
39%
FEATURINGS ft. Álvaro Díaz A MI NOMBRE
37%
MICRODOSIS - LEJOS DE TI
37%
FEATURINGS ft. Jay Wheeler Suelta
35%
FEATURINGS ft. De La Rose, SHARIF RAFAEL Maya - Remix
33%
FEATURINGS ft. Big Soto, ARON, Neneto Serotonina
31%
FEATURINGS ft. Karbeats, Jhayco, Yan Block, Omar Courtz Donde CRJ - Remix
30%
FEATURINGS ft. Wisin Bien Loco
27%
SINGLES - BLACKOUT
27%
FEATURINGS ft. Cazzu De Pari
19%
FEATURINGS ft. Mau y Ricky, Sebastián Yatra 3 de La Mañana
17%
FEATURINGS ft. Young Martino, Brray Cada Vez
10%
No se encontraron pruebas coincidentes
Distribución de puntuación
Porcentaje de gente con cada puntuación
Porcentaje por número respondido
Historial de tus puntuaciones
No has intentado esta prueba.